• 首页
  • 本馆介绍
  • 公告通知
  • 最新文献
  • 馆藏检索
  • 电子资源
  • 读者导购
  • 参考咨询
  • 我的图书馆
  • 登录
  • 详细信息显示
  • 放入我的书架
  • 预约/预借图书
  • 作者相关作品
  • 分类相关作品
  • 丛书相关作品
  • 出版社相关作品

书目信息

  • 表格格式
  • 工作单格式
  • 卡片格式
题名:
马王堆汉墓简帛文字全编
    
 
作者: 刘钊 主编
分册: 下  
出版信息: 北京   中华书局  2019
页数: 1141-1642页
开本: 29cm
丛书名:
单 册:
中图分类: K877.54 , K877.94
科图分类:
主题词: 马王堆汉墓--ma wang dui han mu--简(考古)--研究 , 马王堆帛书--ma wang dui bo shu--研究
电子资源:
ISBN: 978-7-101-14280-8
000 01565nam0 2200253 450
001 011029202431
005 20211031095725.09
010    @a978-7-101-14280-8@b精装@dCNY460.00(全3册1380.00)
100    @a20200425d2020 em y0chiy0110 ea
101 0  @achi
102    @aCN@b110000
105    @ay z 000yy
106    @ar
200 1  @a马王堆汉墓简帛文字全编@Ama wang dui han mu jian bo wen zi quan bian@h下@f刘钊主编
210    @a北京@c中华书局@d2019
215    @a1141-1642页@d29cm
330    @a《马王堆汉墓简帛字词全编》由《长沙马王堆汉墓简帛集成》一书的原班人马编纂,充分利用了《集成》的最新整理研究成果。本书一套两册,一册为《马王堆汉墓简帛文字编》,一册为《马王堆汉墓简帛语词全编》。《马王堆汉墓简帛文字编》利用《集成》整理出的最新最清晰图片切割清理出简帛文字字头,撰写简明扼要的字形分析,附上最有力简练的辞例,改正旧有文字编中字头设立不当、释字错误、字形遗漏、辞例错误、字形不够清晰等缺陷,为大家提供一部高质量的新文字编,以适应研究的需要。《马王堆汉墓简帛语词全编》全面调查马王堆简帛材料的语词使用情况,做出穷尽性的研究。究竟马王堆简帛材料反映了怎样的汉代语言,有哪些传世古籍所不见使用的语词和值得特别注意的语言现象,都可以通过此《马王堆汉墓简帛语词全编》反映出来。此书可为汉语史研究、辞书编纂提供极为重要且准确、便利的第一手资料,也是一部释读研究出土先秦秦汉文字资料可随时查阅的工具书。
606 0  @a马王堆汉墓@Ama wang dui han mu@x简(考古)@x研究
606 0  @a马王堆帛书@Ama wang dui bo shu@x研究
690    @aK877.54@v5
690    @aK877.94@v5
701  0 @a刘钊@Aliu zhao@4主编
801  0 @aCN@b百万庄@c20211029
905    @b1312690@dK877.54@e501:3@f1
    
    马王堆汉墓简帛文字全编.下/刘钊主编.-北京:中华书局,2019
    1141-1642页;29cm
    
    
    ISBN 978-7-101-14280-8(精装):CNY460.00(全3册1380.00)
    《马王堆汉墓简帛字词全编》由《长沙马王堆汉墓简帛集成》一书的原班人马编纂,充分利用了《集成》的最新整理研究成果。本书一套两册,一册为《马王堆汉墓简帛文字编》,一册为《马王堆汉墓简帛语词全编》。《马王堆汉墓简帛文字编》利用《集成》整理出的最新最清晰图片切割清理出简帛文字字头,撰写简明扼要的字形分析,附上最有力简练的辞例,改正旧有文字编中字头设立不当、释字错误、字形遗漏、辞例错误、字形不够清晰等缺陷,为大家提供一部高质量的新文字编,以适应研究的需要。《马王堆汉墓简帛语词全编》全面调查马王堆简帛材料的语词使用情况,做出穷尽性的研究。究竟马王堆简帛材料反映了怎样的汉代语言,有哪些传世古籍所不见使用的语词和值得特别注意的语言现象,都可以通过此《马王堆汉墓简帛语词全编》反映出来。此书可为汉语史研究、辞书编纂提供极为重要且准确、便利的第一手资料,也是一部释读研究出土先秦秦汉文字资料可随时查阅的工具书。
●
相关链接 在E读中查询图书 在五车中查询图书 在当当中查询图书 在豆瓣中查询图书


正题名:马王堆汉墓简帛文字全编     索取号:K877.54/501:3         预约/预借

序号 登录号 条形码 馆藏地/架位号 状态 备注
1 1312690   213126909   第二样本阅览室/ [索取号:K877.54/501:3] 在馆    
唐山师范学院图书馆 欢迎您!
大连网信软件有限公司© 版权所有